| 000 | 00782nam a2200205 i 4500 | ||
|---|---|---|---|
| 001 | 65705 | ||
| 003 | ES-MaACL | ||
| 005 | 20260127062530.0 | ||
| 007 | t| | ||
| 008 | 040120s1963 sp ||||1| spa d | ||
| 100 | 1 |
_aFuenmayor, Amadeo de. _952821 |
|
| 245 | 1 | 3 |
_aEl matrimonio y el Concordato español / _cdiscurso académico de Amadeo de Fuenmayor Champín y contestación de José Castán Tobeñas. |
| 260 |
_a[Pamplona : _bs.n., _c1963] ( _fGráf. Navarras) |
||
| 300 |
_a194 p. ; _c26 cm. |
||
| 500 | _aPrecede al tit.: Real Academia de Jurisprudencia y Legislación. | ||
| 700 | 1 |
_aCastán Tobeñas, José, _d1889-1969 _936392 |
|
| 700 |
_aReal Academia de Jurisprudencia y Legislación de España _9217612 |
||
| 852 |
_aES-MaACL _jC-23568 _bR.52240 |
||
| 999 |
_c65705 _d65705 |
||